000 00579nam a22001817a 4500
003 UA-OsUOA
001 13526
007 ta
008 20030607b un ||||| |||| 00| 0 ukr d
100 _aТубіна С.
942 _cSA
040 _aUA-OsUOA
_cUA-OsUOA
_dUA-OsUOA
245 _aЛіта, добром і працею багаті: [Про голову Остроз. район. ради Я.М.Денищука]
300 _aС.1
955 _a0
773 0 _w0
_tВісті Рівненщини
_dРівне
_d2003
_g№44/28 трав./
650 7 _aДенищук Я.М.
_2UDC
999 _c299687
_d299687